| 000 | 00993nam2a2200265 4500 | ||
|---|---|---|---|
| 001 | RU\NLR\bibl\899850 | ||
| 005 | 20250614175629.0 | ||
| 010 |
_a5-05-006292-6 _950000 |
||
| 021 |
_aRU _b2005-82598 _94077 |
||
| 035 | _a(NLR Aleph) 000888292 | ||
| 090 |
_a1702228 _c1702228 |
||
| 100 | _a20060124d2005 |||y0rusy50 ca | ||
| 101 | 1 |
_arus _ceng |
|
| 102 | _aRU | ||
| 105 | _ay ||||||||| | ||
| 200 | 0 | _aКн. 2 | |
| 210 |
_d2005 _aБ. м. |
||
| 215 | _a142, [1] с. | ||
| 225 | 1 |
_a... _v1203 |
|
| 461 | 0 |
_1001RU\NLR\bibl\915245 _12001#$aСтрасти в старинном поместье$vКн. 2 _98118 _aУэй, М. _cМосква _d2005 _fМаргарет Уэй _nРадуга _oроман : перевод с английского : [в 2 кн.] _tСтрасти в старинном поместье _vКн. 2 |
|
| 801 | 0 |
_aRU _bNLR _c20060124 _grcr |
|
| 801 | 1 |
_aRU _bNLR _c20060124 |
|
| 942 | _cBOOK | ||
| 980 | _aNB | ||